VfB Stuttgart Squad 2024-2025 - Statistics

General Stats
  • This quiz has been taken 249 times
    133 since last reset
  • The average score is 23 of 36
Answer Stats
# Position Nation Player % Correct
33 GK Germany Alexander Nübel
95%
8 MF France Enzo Millot
91%
26 FW Germany Deniz Undav
89%
9 FW Bosnia and Herzegovina Ermedin Demirović
88%
6 MF Germany Angelo Stiller
86%
16 MF Turkey Atakan Karazor
86%
7 DF Germany Maximilian Mittelstädt
82%
27 FW Germany Chris Führich
81%
24 DF Germany Jeff Chabot
78%
4 DF Germany Josha Vagnoman
78%
11 FW Germany Nick Woltemade
78%
- Coach Germany Sebastian Hoeneß
73%
32 MF Switzerland Fabian Rieder
72%
10 FW Mali El Bilal Touré
71%
2 DF Belgium Ameen Al-Dakhil
70%
1 GK Germany Fabian Bredlow
69%
18 FW Germany Jamie Leweling
69%
3 DF Netherlands Ramon Hendriks
68%
45 DF Japan Anrie Chase
67%
25 FW Denmark Jacob Bruun Larsen
67%
41 GK Germany Dennis Seimen
66%
20 DF Switzerland Leonidas Stergiou
66%
23 DF France Dan-Axel Zagadou
65%
15 DF Germany Pascal Stenzel
65%
29 DF France Anthony Rouault
62%
29 DF Germany Finn Jeltsch
62%
5 MF Germany Yannik Keitel
59%
14 DF Switzerland Luca Jaquez
53%
28 MF Denmark Nikolas Nartey
49%
17 FW Germany Justin Diehl
47%
13 DF Germany Frans Krätzig
40%
21 GK Germany Stefan Drljača
33%
22 FW Germany Thomas Kastanaras
32%
40 FW Germany Luca Raimund
29%
19 FW Denmark Wahid Faghir
24%
53 FW Netherlands Mohamed Sankoh
19%
No matching quizzes found
Score Distribution
Percent of People with Each Score
Percentile by Number Answered
Your Score History
You have not taken this quiz since the last reset